000 02686cam a22003134a 4500
001 3224
003 FISKH
005 20240220150949.0
008 030205s2003 nyu 001 0 eng
010 _a 2003101858
020 _a0764555030 (pbk.)
020 _a9780764555039
035 _a(DLC) 2003101858
040 _aDLC
_cDLC
_dDLC
_beng
042 _apcc
050 0 0 _aBP161.3
_b.C53 2003
082 0 0 _a297
_222
100 1 _aClark, Malcolm
_q(Warren Malcolm)
245 1 0 _aIslam for dummies /
_cby professor Malcolm Clark.
260 _aNew York :
_bWiley Publish,
_c2003.
300 _a366 pages ;
_cillustrations ;
_b24 cm
500 _aIncludes index.
520 _aMany non-Muslims have no idea that Muslims worship the same God as Christians and Jews, and that Islam preaches compassion, charity, humility, and the brotherhood of man. And the similarities don't end there. According to Islamic teaching, Muhammad founded Islam in 610 CE after the angel Gabriel appeared to him at Mecca and told him that God had entered him among the ranks of such great biblical prophets as Abraham, Moses, and Christ. Whether you live or work alongside Muslims and want to relate to them better, or you simply want to gain a better understanding of the world's second largest religion, Islam For Dummies can help you make sense of this religion and its appeal. From the Qur'an to Ramadan, this friendly guide introduces you to the origins, practices and beliefs of Islam, including: Muhammad, the man and the legend The Five Pillars of Wisdom The Five Essentials beliefs of Islam The different branches of Islam and Islamic sects The Qur'an and Islamic law Islam throughout history and its impact around the world Professor Malcolm Clark explores the roots of Islam, how it has developed over the centuries, and it's long and complex relationship with Christianity. He helps puts Islam in perspective as a major cultural and geopolitical force. And he provided helpful insights into, among other things: Muhammad, the Qur'an and the ethical teachings of Islam Muslim worship, customs, and rituals surrounding birth, marriage, and death Shi'ites, Sunnis, Sufis, Druze, and other important Muslim groups Islam in relation to Judaism and Christianity In these troubled times, it is important that we try to understand the belief systems of others, for through understanding comes peace. Islam For Dummies helps you build bridges of understanding between you and your neighbors in the global village.
650 0 _aIslam.
650 0 _aIslam
_xEssence, genius, nature.
650 0 _aIslam
_xDoctrines.
906 _a7
_bcbc
_corignew
_d2
_eepcn
_f20
_gy-gencatlg
942 _2ddc
_cBK
_n0
999 _c3224
_d3224